01811nam a22002297a 4500003000900000005001700009008004100026040002800067100005400095245030900149260004100458300006200499502017300561504005300734505037300787650006801160650007801228651009701306700003501403700003801438830010501476DO-SdBJH20191119200838.0180814b ||||| |||| 00| 0 spa d aDO-SdBJHbspacDO-SdBJH1 aJiménez Francisco, Porfirio Joséesustentante10aPropuesta para modernizar la oferta académica de la Academia Aérea, de la Fuerza Aérea de República Dominicana, para adaptarla a los nuevos requerimientos de la institución a partir del año 2020 / cPorfirio José Jiménez Francisco, asesores Mario A. Rivas Díaz, Miledys Pérez Polanco aSanto Domingo Este :bINSUDE, c2017 axx, 70 páginas, ilustraciones-cuadros-tablas-gráficos aTesis (Especialidad de Comando y Estado Mayor Aéreo) -- Instituto Superior para la Defensa (INSUDE). – Escuela de Graduados de Comando y Estado Mayor Aéreo, 2017. aIncluye referencias bibliográficas e índices aAntecedentes y origines de la Academia Aérea General de Brigada Piloto Frank A. feliz Miranda, FARD. -- Sistema de educación superior de la Fuerza Aérea de República Dominicana. -- Propuesta para modificar la oferta académica aérea dela Fuerza Aérea de República Dominicana, para adaptarla a los nuevos requerimientos de la institución del año 2020 4aModificar oferta académica de la Academia Aérea (propuesta) 4aEducación militar futuras oficiales de comando -- nuevos requerimientos 4aRepública Dominicana. Fuerza Aérea -- Oferta Académica -- Educación Superior militar1 aRivas Díaz, Mario A.easesor1 aPérez Polanco, Miledys easesor aINSUDE. Escuela de Graduados de Comando y Estado Mayor Aéreo. Tesis y disertaciones académicas